Catálogo

Jacobo Granat : (Registro nro. 63416)

Detalles MARC
000 -LEADER
fixed length control field 00945nam a2200253 i 4500
001 - CONTROL NUMBER
control field 63416
005 - DATE AND TIME OF LATEST TRANSACTION
control field 20180714065835.0
008 - FIXED-LENGTH DATA ELEMENTS--GENERAL INFORMATION
fixed length control field 150828s2012 mx o r 000 0 spa d
020 ## - INTERNATIONAL STANDARD BOOK NUMBER
International Standard Book Number 9786079553654
040 ## - CATALOGING SOURCE
Original cataloging agency MX-PuUPA
Language of cataloging spa
Description conventions rda
Transcribing agency Mx-PuUPA
Modifying agency Mx-PuUPA
041 0# - LANGUAGE CODE
Language code of text/sound track or separate title spa
082 0# - DEWEY DECIMAL CLASSIFICATION NUMBER
Classification number 972.004924
Item number GOJ
100 1# - MAIN ENTRY--PERSONAL NAME
Personal name Backal, Alicia G. de
Fuller form of name (Alicia Gojman)
Relator term autor
245 10 - TITLE STATEMENT
Title Jacobo Granat :
Remainder of title una vida de contradicciones entre la comunidad y el cine /
Statement of responsibility, etc. Alicia Gojman de Backal ; epílogo Luis Grant.
250 ## - EDITION STATEMENT
Edition statement Primera edición /
Remainder of edition statement octubre
264 #1 - PRODUCTION, PUBLICATION, DISTRIBUTION, MANUFACTURE, AND COPYRIGHT NOTICE
Place of production, publication, distribution, manufacture México, D.F. :
Name of producer, publisher, distributor, manufacturer Comunidad Ashkenazí de México,
Date of production, publication, distribution, manufacture, or copyright notice 2012
300 ## - PHYSICAL DESCRIPTION
Extent 172 páginas :
Other physical details fotografías (en blanco y negro) ;
Dimensions 23 cm.
336 ## - CONTENT TYPE
Content type term texto
Source rdacontent
337 ## - MEDIA TYPE
Media type term sin mediación
Source rdamedia
338 ## - CARRIER TYPE
Carrier type term volumen
Source rdacarrier
600 14 - SUBJECT ADDED ENTRY--PERSONAL NAME
Personal name Granat, Jacob, 1871-1945?
650 #4 - SUBJECT ADDED ENTRY--TOPICAL TERM
Topical term or geographic name entry element Judios
Geographic subdivision México
General subdivision Biografía
700 1# - ADDED ENTRY--PERSONAL NAME
Personal name Granat, Luis,
Relator term colaborador
Existencias
Withdrawn status Lost status Source of classification or shelving scheme Damaged status Not for loan Collection code Home library Current library Shelving location Date acquired Source of acquisition Inventory number Total Checkouts Full call number Barcode Date last seen Price effective from Koha item type
    Dewey Decimal Classification     General Biblioteca Karol Wojtyla Biblioteca Karol Wojtyla Sala general 05/12/2017 Compra 151000000000000000035583   972.004924 BAC 2012 98663 05/01/2026 05/12/2017 Libro